MARC

LEADER 00000nam0a2200000 4500
001 258609
005 20231101233319.0
020 |a RU  |b 85-88088 
035 |a (RuTPU)RU\TPU\book\281495 
090 |a 258609 
100 |a 20140426d1987 k a0rusy5003 ca 
101 0 |a rus 
102 |a RU 
105 |a y z 100zy 
200 1 |a Автоматизация конструкторского проектирования РЭА и ЭВА  |e тезисы докладов к зональной конференции 15-16 октября 1987 г.  |f Пензенский политехнический институт ; под ред. А. М. Бершадского 
210 |a Пенза  |c Приволж. ДНТП  |d 1987 
215 |a 110 с. 
606 1 |a Радиоэлектронная аппаратура  |x Автоматизация конструирования  |2 stltpush  |3 (RuTPU)RU\TPU\subj\23424  |9 48024 
610 1 |a конференции 
610 1 |a вычислительные машины 
610 1 |a автоматизированные системы проектирования 
610 1 |a проектирование 
675 |a 621.396.6.001.63  |z rus 
702 1 |a Бершадский  |b А. М.  |g Александр Моисеевич  |4 340 
712 0 2 |a Пензенский политехнический институт  |2 stltpush  |3 (RuTPU)RU\TPU\col\14047  |9 25868 
712 1 2 |a Автоматизация конструкторского проектирования РЭА и ЭВА  |c конференция  |e Пенза  |f 1987 
801 0 |a RU  |b RuMRKP  |c 19950704  |g psbo 
801 1 |a RU  |b 63413507  |c 20140426 
801 2 |a RU  |b 63413507  |c 20141229  |g RCR 
942 |c BK